| 000 | 01888nam a2200469 a 4500 | ||
|---|---|---|---|
| 001 | ebr10492191 | ||
| 003 | CaPaEBR | ||
| 006 | m u | ||
| 007 | cr cn||||||||| | ||
| 008 | 051208s2006 nmuac sb 001 0 eng d | ||
| 010 | _z 2005035687 | ||
| 020 | _z082633945X (cloth : alk. paper) | ||
| 020 | _z9780826339454 | ||
| 020 | _z9780826339461 | ||
| 020 | _z9780826339478 (e-book) | ||
| 040 |
_aCaPaEBR _cCaPaEBR |
||
| 035 | _a(OCoLC)607789337 | ||
| 043 | _an-ust-- | ||
| 050 | 1 | 4 |
_aE99.P9 _bA84 2006eb |
| 082 | 0 | 4 |
_a978.9/04 _222 |
| 100 | 1 | _aAuerbach, Jerold S. | |
| 245 | 1 | 0 |
_aExplorers in Eden _h[electronic resource] : _bPueblo Indians and the promised land / _cJerold S. Auerbach. |
| 260 |
_aAlbuquerque [N.M.] : _bUniversity of New Mexico Press, _c2006. |
||
| 300 |
_a205 p. : _bill., ports. |
||
| 500 | _aFirst paperbound printing, 2008. | ||
| 504 | _aIncludes bibliographical references (p. 175-195) and index. | ||
| 505 | 0 | _apt. 1. A man's world -- pt. 2. A woman's place. | |
| 533 |
_aElectronic reproduction. _bPalo Alto, Calif. : _cebrary, _d2011. _nAvailable via World Wide Web. _nAccess may be limited to ebrary affiliated libraries. |
||
| 650 | 0 |
_aPueblo Indians _xHistory _vSources. |
|
| 650 | 0 |
_aPueblo Indians _xPublic opinion. |
|
| 650 | 0 |
_aPueblo Indians _xSocial life and customs. |
|
| 650 | 0 | _aIndians in literature. | |
| 650 | 0 | _aIndians in art. | |
| 650 | 0 |
_aIndians in popular culture _zSouthwest, New. |
|
| 650 | 0 |
_aPublic opinion _zSouthwest, New. |
|
| 650 | 0 |
_aWhites _zSouthwest, New _xRelations with Indians. |
|
| 651 | 0 |
_aSouthwest, New _xDiscovery and exploration. |
|
| 651 | 0 |
_aSouthwest, New _xDescription and travel. |
|
| 655 | 7 |
_aElectronic books. _2local |
|
| 710 | 2 | _aebrary, Inc. | |
| 856 | 4 | 0 |
_uhttp://site.ebrary.com/lib/rucke/Doc?id=10492191 _zAn electronic book accessible through the World Wide Web; click to view |
| 999 |
_c125815 _d125815 |
||